000 01054nam a2200313Ic 4500
001 58453
003 CO-BoRNBP
005 20250822205050.0
007 ta
008 170503s2007 m a g 000 f s
020 _a9789681647186
040 _aCO-BoRNBP
_bspa
_erda
_cCO-BoRNBP
041 _aspa
084 _aN
100 _aHendry, Diana,
_d1941-
_eaut
_963247
245 1 0 _aHarvey Ángel /
_cDiana Hendry ; ilustraciones de Mauricio Gómez Morín ; traducción de Catalina Domínguez.
250 _a1a. edición., 5a. reimpresión
264 1 _aMéxico :
_bFondo de Cultura Económica,
_c2007
300 _a160 páginas :
_bilustraciones
336 _atexto
_btxt
_2rdacontent
337 _asin mediación
_bn
_2rdamedia
338 _avolumen
_bnc
_2rdacarrier
490 0 _aA la orilla del viento : para los que leen bien
650 0 4 _aLiteratura juvenil inglesa
_2LEMB
650 0 4 _aNovela juvenil inglesa
_2LEMB
_91873
700 _aDomínguez, Catalina
_etrl
_935599
700 _aGómez Morín, Mauricio
_eill
_962677
942 _2loc
_cBKLIT
999 _c58453
_d58453